Analýza úspešnosti jednotnej prezentácie Švajčiarska v zahraničí

Stručný vývoj nation brandingu Švajčiarska. Identifikácia kľúčového prvku jednotnej prezentácie Švajčiarska v zahraničí, ktorý by mohol slúžiť ako pozitívny príklad pre Slovenskú republiku pri vytváraní svojej vlastnej politiky v oblasti nation brandingu.

Saved in:
Bibliographic Details
Main Author: Cséfalvayová, Katarína
Format: Book Chapter
Language:Slovak
Subjects:
Tags: Add Tag
No Tags, Be the first to tag this record!

MARC

LEADER 00000nla a2200000 4500
001 0183788
005 20240502073139.4
041 0 |a slo 
044 |a SK 
245 1 0 |a Analýza úspešnosti jednotnej prezentácie Švajčiarska v zahraničí  |c Katarína Cséfalvayová 
520 |a Stručný vývoj nation brandingu Švajčiarska. Identifikácia kľúčového prvku jednotnej prezentácie Švajčiarska v zahraničí, ktorý by mohol slúžiť ako pozitívny príklad pre Slovenskú republiku pri vytváraní svojej vlastnej politiky v oblasti nation brandingu. 
610 2 0 |a Švajčiarsko 
610 2 0 |a prezentácia 
610 2 0 |a svet 
610 2 0 |a financovanie 
610 2 0 |a komunikácia 
100 1 |a Cséfalvayová, Katarína